A guide to site and environmental planning / (Record no. 20862)
[ view plain ]
| 000 -LEADER | |
|---|---|
| fixed length control field | 00452cam a2200157 4500 |
| 020 ## - INTERNATIONAL STANDARD BOOK NUMBER | |
| ISBN | 0471744409 |
| 040 ## - CATALOGING SOURCE | |
| Transcribing agency | RUA |
| 082 0# - DEWEY DECIMAL CLASSIFICATION NUMBER | |
| Classification number | 712 BAN 2014 A042 Or. |
| 100 1# - MAIN ENTRY--AUTHOR NAME | |
| Personal name | Rubenstein, Harvey M. |
| 245 12 - TITLE STATEMENT | |
| Title | A guide to site and environmental planning / |
| 300 ## - PHYSICAL DESCRIPTION | |
| Number of Pages | 190 pages : |
| Other physical details | illustrations, maps (part color), plans. ; |
| Dimensions | 29 cm. |
| 650 #0 - SUBJECT ADDED ENTRY--TOPICAL TERM | |
| Topical Term | Landscape architecture |
| 650 #0 - SUBJECT ADDED ENTRY--TOPICAL TERM | |
| Topical Term | Building sites |
| 650 #0 - SUBJECT ADDED ENTRY--TOPICAL TERM | |
| Topical Term | Environmental protection |
| 942 ## - ADDED ENTRY ELEMENTS (KOHA) | |
| Koha item type | ADB |
| 952 ## - LOCATION AND ITEM INFORMATION (KOHA) | |
| Withdrawn status [LOCAL, KOHA] | 0 |
| Permanent Location | Date acquired | Koha item type | Lost status | Shelving location | Barcode | Current Location | Full call number |
|---|---|---|---|---|---|---|---|
| Library Block A | 2022-12-28 | ADB | A042 | a069506 | Library Block A | 712 BAN 2014 A042 Or. |